| 000 | 00667nab a2200205 a 4500 | ||
|---|---|---|---|
| 005 | 20210219160939.0 | ||
| 008 | 991125s1985 mx 000 0 spa u | ||
| 035 | _aUPN01000175604 | ||
| 100 | 1 | _aZamora Poblete, Guillermo Manuel | |
| 222 | _aREVISTA ESPAÑOLA DE PEDAGOGIA | ||
| 245 | _aCaracterización y sentido actual de la autoridad pedagógica en escuelas chilenas de sectores de pobreza | ||
| 300 | _a99-116 | ||
| 362 | 0 | _a2010 Año 68, no. 245, ene.-abr. | |
| 653 | 0 | _aPRACTICA DOCENTE | |
| 653 | 0 | _aINTERACCION MAESTRO-ALUMNO | |
| 653 | 0 | _aAUTORIDAD EDUCATIVA | |
| 700 | 1 | _aZerón Rodríguez, Ana María, | |
| 700 | 1 | _ecoaut. | |
| 905 | _aArticulo | ||
| 999 |
_c147708 _d147708 |
||